Οι κοινωνικό-χωρικές επιπτώσεις-επιρροές που επιφέρουν οι αναπλάσεις : η περίπτωση του ιστορικού κέντρου της Τρίπολης

Αποθηκεύτηκε σε:
Λεπτομέρειες βιβλιογραφικής εγγραφής
Κύριος συγγραφέας: Βρεττού, Καλυψώ - Ευγενία
Συγγραφή απο Οργανισμό/Αρχή: Πανεπιστήμιο Αιγαίου Σχολή Περιβάλλοντος Τμήμα Γεωγραφίας
Άλλοι συγγραφείς: Πετροπούλου, Χρυσάνθη (dgsf)
Μορφή: Thesis Βιβλίο
Γλώσσα:Greek
Δημοσίευση: 2016.
Ετικέτες: Προσθήκη ετικέτας
Δεν υπάρχουν, Καταχωρήστε ετικέτα πρώτοι!

MARC

LEADER 00000cam a2200000 a 4500
001 1/120277
008 191105s2016####gr |||||||||||||| ||gre||
040 |a GR-MyUa  |b gre  |c GR-MyUa  |e AACR2 
041 0 |a gre 
082 7 |a 0000  |2 (23) 
100 1 |a Βρεττού, Καλυψώ - Ευγενία. 
245 1 4 |a Οι κοινωνικό-χωρικές επιπτώσεις-επιρροές που επιφέρουν οι αναπλάσεις :   |b η περίπτωση του ιστορικού κέντρου της Τρίπολης /   |c Βρεττού Καλυψώ - Ευγενία ; επιβλέπων καθηγήτρια Πετροπούλου Χρυσάνθη.  
260 |c 2016.  
300 |a 232 σ. :   |b χάρτες, πιν. ;   |c 29 εκ.  
500 |a Μέλη επιτροπής: Σιδηρόπουλος Γεώργιος, Τσιλιμίγκας Γεώργιος.  
502 |a Πτυχιακή εργασία - Πανεπιστήμιο Αιγαίου, Μυτιλήνη, 2016.  
504 |a Βιβλιογραφία: σ. 224-232.  
506 0 |a Ηλεκτρονική διάθεση στο πλήρες κείμενο - ελεύθερης πρόσβασης.  
540 |a Κλειδωμένη η δυνατότητα αντιγραφής (copy) από το ηλεκτρονικό κείμενο.  
700 1 |a Πετροπούλου, Χρυσάνθη,  |e dgsf 
710 2 |a Πανεπιστήμιο Αιγαίου  |b Σχολή Περιβάλλοντος  |b Τμήμα Γεωγραφίας. 
852 |a INST  |b LESVOS  |c DIATR  |e 20191105  |h 996  |p 005100063003  |q 005100063003  |t DIE  |y 23 
920 |a Βρεττού,  |b Καλυψώ - Ευγενία   |y Λέσβος  |z 2016-06 
970 |a Καμάτσου,   |b Δέσποινα  |z 05-11-2019